000 00292nam a22001337a 4500
008 181107b xxu||||| |||| 00| 0 eng d
020 _a1133586597
041 _aeng
080 _a371
100 _a46
101 _aEDU
245 _aCreating Career Success
_cFabricant, F
942 _2udc
_cBK
999 _c52169
_d52169